header

Music navigation with symbols and layers (Record no. 57286)

MARC details
000 -LEADER
fixed length control field 01492nam a2200325 a 4500
082 04 - DEWEY DECIMAL CLASSIFICATION NUMBER
Classification number 780.285/674
245 00 - TITLE STATEMENT
Title Music navigation with symbols and layers
260 ## - PUBLICATION, DISTRIBUTION, ETC. (IMPRINT)
Place of publication Hoboken, N.J. :
Name of publisher Wiley ;
Place of publication [Washington, D.C.] :
Name of publisher IEEE Computer Society,
Year of publication c2013.
300 ## - PHYSICAL DESCRIPTION
Number of Pages 1 online resource (xvii, 187 p.) :
Other physical details ill. (some col.), photographs.
650 #0 - SUBJECT ADDED ENTRY--TOPICAL TERM
Topical Term Information storage and retrieval systems
Topical Term XML (Document markup language)
700 1# - ADDED ENTRY--PERSONAL NAME
Personal name Baggi, Denis.
Personal name Haus, Goffredo.
856 40 - ELECTRONIC LOCATION AND ACCESS
Uniform Resource Identifier http://site.ebrary.com/lib/rucke/Doc?id=10674854
588 ## -
-- Description based on online resource; title from title page (ebrary, viewed May 8, 2013).

No items available.

© 2026 Rongo University
Contact us: librarian | system librarian | Rongo university